Statistiken für Länder in der Nähe von Dschibuti - Ein-Minuten-Sprint

Klicken Sie hier um das Quiz zu spielen!

Allgemein

  • Dieses Quiz wurde 89 mal gespielt
  • Das Durchschnittsergebnis liegt bei 15 aus 20

Antwortstatistiken

KmLand% Korrekt
0Äthiopien
99%
0Eritrea
99%
0Somalia
99%
624Sudan
99%
1365Ägypten
95%
857Südsudan
95%
20Jemen
89%
1155Oman
89%
409Saudi-Arabien
89%
751Kenia
86%
1143Uganda
77%
1585Tansania
71%
1515Vereinigte
Arabische Emirate
64%
1835Ruanda
59%
1458Dem Rep Kongo
56%
1822Kuwait
55%
1706Zentralafrikanische
Republik
55%
1551Katar
53%
1640Bahrain
52%
1843Irak
33%

Verteilung der Resultate

Perzentil nach korrekt beantworteten Fragen

Anzahl Personen mit jedem Resultat

Ihre Resultats-Entwicklung

Sie haben dieses Quiz noch nicht gespielt